00709nam a2200217 i 4500001000700000003000900007005001700016007000300033008004100036080001400077100003400091245006400125260005000189300002200239490001400261650002000275830002200295852003300317999001900350952012200369103633ES-MaACL20230906183419.0t|060425s1971 pr ||||1| spa d a910.4(26)1 aSilva, Ana Margarita.910635914aLos aventureros de los siete mares / cAna Margarita Silva. aSan Juan, Puerto Rico : bCordillera, c1971. a238 p. ; c19 cm.1 aEl Yunque aPiratas.9160980 aEl Yunque9232589 aES-MaACLjC-56863 bR.137503 c103633d103633 00104070aATENEOMbATENEOMcDEPO2d2008-01-17eSCl0oC-56863p1108202r2023-02-23 00:00:00w2023-02-23yMONOGRAFIA